'B' in Europe Quiz Stats

Quiz Updated Oct 14, 2015

Also try: 'A' in Europe
Challenge
Share
Tweet
Embed
Score 0/16 Timer 05:00
2 Plays Today
Hint Answer % Correct
What is the capital and largest city in Hungary?Budapest
94%
What name is given to the countries of Estonia, Latvia and Lithuania which lie east of a sea with the same name?Baltic States
91.7%
Godiva Chocolatier was founded in which western European country that is also well-known for its beer?Belgium
87.6%
Which English city is the second most populous city in the UK?Birmingham
87.4%
Which Spanish city is allegedly named after Hamilcar Barca, father of the Carthagian General Hannibal?Barcelona
87.2%
Munich is the capital city of which state in southern Germany?Bavaria
77.8%
Which city is the capital of Slovakia?Bratislava
74.9%
Which sea is bounded by Europe, Anatolia and the Caucasus?Black Sea
74%
Hint Answer % Correct
What was the capital city of the former German Kingdom of Prussia?Berlin
72.3%
What was the capital of the former country of Yugoslavia?Belgrade
63.3%
Albania, Bosnia and Herzegovina, Bulgaria, Greece, Macedonia and Montenegro can all be found on which peninsula?Balkan Peninsula
62.1%
Which large bay lies north of Spain and west of France?Bay of Biscay
60.4%
Which capital city of the Emilia-Romagna region in Italy is home to the oldest university in the world?Bologna
57.2%
Which English city in Somerset was called Aquae Sulis by the Romans?Bath
55.9%
What name is given to the 'country' that spans the Pyrenees borders of Spain and France on the Atlantic coast?Basque Country
52%
Which city is Norway's second largest?Bergen
42.5%

You're not logged in!

Compare scores with friends on all Sporcle quizzes.
Sign Up with Email
OR
Log In

You Might Also Like...

Show Comments

Extras

Top Quizzes Today


Score Distribution

Your Account Isn't Verified!

In order to create a playlist on Sporcle, you need to verify the email address you used during registration. Go to your Sporcle Settings to finish the process.